000
00203cam a2200085 4500
008
080905n 000 0 eng u
035
_a
(Sirsi) a159634
100
_a
CHESHIRE G.C
245
_a
THE LAW OF CONTRACT
999
_c
7357
_d
7357